000 00552nam a2200181Ia 4500
008 100920s9999 xx 000 0 und d
082 _b45149
_a891.463.1 थ 81
100 _aकर्णिक मधुमंगेश.
245 _aअनिकेत.
260 _bसन्र पब्लिकेशन्स, पुणे 30.
_c1981
300 _a122
_bसाधी
365 _b20
520 _aलघुकथा.
630 _aअनिकेत.
650 _aलघुकथा.
730 _aअनिकेत.
942 _cBOOK
999 _c693549
_d693546